TB. OF BIOCHEMISTRY FOR MEDICAL STUDENTS (Record no. 1636)
[ view plain ]
| 000 -LEADER | |
|---|---|
| fixed length control field | 00360nam a2200145Ia 4500 |
| 008 - FIXED-LENGTH DATA ELEMENTS--GENERAL INFORMATION | |
| fixed length control field | 150201s2013 xx 000 0 und d |
| 082 ## - DEWEY DECIMAL CLASSIFICATION NUMBER | |
| Classification number | 612.015 |
| Item number | B13V |
| 100 ## - MAIN ENTRY--PERSONAL NAME | |
| Personal name | VASUDEVEN, D.M. |
| 245 ## - TITLE STATEMENT | |
| Title | TB. OF BIOCHEMISTRY FOR MEDICAL STUDENTS |
| 250 ## - EDITION STATEMENT | |
| Edition statement | 7TH |
| 260 ## - PUBLICATION, DISTRIBUTION, ETC. (IMPRINT) | |
| Name of publisher, distributor, etc. | JAYPEE |
| Place of publication, distribution, etc. | DELHI |
| Date of publication, distribution, etc. | 2013 |
| 300 ## - PHYSICAL DESCRIPTION | |
| Extent | 1-790 |
| 650 ## - SUBJECT ADDED ENTRY--TOPICAL TERM | |
| Topical term or geographic name as entry element | BIOCHEMISTRY |
| 942 ## - ADDED ENTRY ELEMENTS (KOHA) | |
| Source of classification or shelving scheme | Dewey Decimal Classification |
| Koha item type | Books |
| Koha issues (borrowed), all copies | 79 |
| Withdrawn status | Lost status | Source of classification or shelving scheme | Damaged status | Not for loan | Collection code | Home library | Current library | Shelving location | Date acquired | Source of acquisition | Cost, normal purchase price | SGTU | Bill Number | Total Checkouts | Full call number | Barcode | Checked out | Date last seen | Date last checked out | Bill Date | Koha item type |
|---|---|---|---|---|---|---|---|---|---|---|---|---|---|---|---|---|---|---|---|---|---|
| Dewey Decimal Classification | MEDICAL | SGT Medical Library | SGT Medical Library | Text Book | 23/01/2014 | ABC DELHI | 895.00 | SGTU | 4209 | 15 | 612.015 B13V | FM5733 | 11/06/2026 | 28/05/2026 | 28/05/2026 | 11/02/2014 | Books | ||||
| Dewey Decimal Classification | MEDICAL | SGT Medical Library | SGT Medical Library | Text Book | 23/01/2014 | ABC DELHI | 895.00 | SGTU | 4209 | 34 | 612.015 B13V | FM5734 | 01/05/2026 | 17/04/2026 | 11/02/2014 | Books | |||||
| Dewey Decimal Classification | MEDICAL | SGT Medical Library | SGT Medical Library | Text Book | 23/01/2014 | ABC DELHI | 895.00 | SGTU | 4209 | 33 | 612.015 B13V | FM5735 | 02/07/2024 | 24/06/2024 | 11/02/2014 | Books | |||||
| Dewey Decimal Classification | MEDICAL | SGT Medical Library | SGT Medical Library | Text Book | 23/01/2014 | ABC DELHI | 895.00 | SGTU | 4209 | 32 | 612.015 B13V | FM5736 | 01/05/2026 | 17/04/2026 | 11/02/2014 | Books | |||||
| Dewey Decimal Classification | MEDICAL | SGT Medical Library | SGT Medical Library | Text Book | 23/01/2014 | ABC DELHI | 895.00 | SGTU | 4209 | 612.015 B13V | FM5737 | 09/02/2015 | 11/02/2014 | Books |